[Event "Barcelona Sant Marti op-B 23rd"]
[Site "Barcelona"]
[Date "2023.07.19"]
[Round "7"]
[White "Arnau Juli, Alfred"]
[Black "Recacha Delgado, Rafael"]
[Result "1-0"]
[WhiteElo "1593"]
[BlackElo "1100"]
[PlyCount "95"]
[EventDate "2023.07.13"]
[EventType "swiss"]
[EventRounds "9"]
[EventCountry "ESP"]
[SourceTitle "CBM 215 Extra"]
[Source "ChessBase"]
[SourceDate "2023.09.30"]
[SourceVersion "1"]
[SourceVersionDate "2023.09.30"]
[SourceQuality "1"]

1. d4 Nf6 2. Bf4 d6 3. Nf3 Nc6 4. e3 a6 5. Bd3 b5 6. h3 Nh5 7. Bh2 Nf6 8. Nbd2 g6 9. Ne4 h6 10. 0-0 Bg7 11. c3 0-0 12. a3 Bb7 13. b4 Qd7 14. Nh4 Rae8 15. Qd2 d5 16. Nc5 Qc8 17. Rae1 e6 18. f4 h5 19. Nf3 Nd7 20. Nxd7 Qxd7 21. Ng5 Bf6 22. h4 e5 23. fxe5 Bxg5 24. hxg5 Bc8 25. Be2 Kg7 26. Rf6 Ne7 27. Ref1 Nf5 28. g4 Nh4 29. gxh5 Qh3 30. Bf3 Bg4 31. Bg2 Nxg2 32. Qxg2 Qxe3+ 33. Kh1 Bh3 34. h6+ Kh7 35. Rxf7+ Rxf7 36. Rxf7+ Kh8 37. Qxd5 Bg2+ 38. Qxg2 Qe1+ 39. Bg1 Qh4+ 40. Qh2 Qe4+ 41. Qg2 Qh4+ 42. Bh2 Qe1+ 43. Rf1 Qxc3 44. d5 Qxa3 45. e6 Qxb4 46. Be5+ Kh7 47. Rf7+ Kg8 48. h7# 1-0

[Event "Barcelona Sant Marti op-B 23rd"]
[Site "Barcelona"]
[Date "2023.07.16"]
[Round "4"]
[White "Negreira Rodriguez, Daniel"]
[Black "Arnau Juli, Alfred"]
[Result "1-0"]
[WhiteElo "1466"]
[BlackElo "1593"]
[PlyCount "75"]
[EventDate "2023.07.13"]
[EventType "swiss"]
[EventRounds "9"]
[EventCountry "ESP"]
[SourceTitle "CBM 215 Extra"]
[Source "ChessBase"]
[SourceDate "2023.09.30"]
[SourceVersion "1"]
[SourceVersionDate "2023.09.30"]
[SourceQuality "1"]

1. e4 c6 2. d4 d5 3. e5 Bf5 4. Nc3 e6 5. Nf3 Ne7 6. Be2 Ng6 7. a3 Be7 8. Na2 Nd7 9. c4 f6 10. Bd2 0-0 11. Bc3 Nf4 12. 0-0 Qe8 13. Nh4 fxe5 14. Nxf5 exf5 15. dxe5 Qg6 16. Bf3 Bc5 17. Kh1 d4 18. Bxd4 Ne6 19. Bc3 Rad8 20. Qe1 Nf4 21. Rd1 Rfe8 22. Nc1 Nf6 23. Rxd8 Rxd8 24. exf6 gxf6 25. b4 Bd6 26. c5 Bc7 27. Qe7 Nd5 28. Bxd5+ Rxd5 29. Qxc7 Qg4 30. Qc8+ Kg7 31. Qxb7+ Kg6 32. Qxc6 Rd1 33. Qxf6+ Kh5 34. Qf7+ Kh6 35. Qf8+ Kh5 36. Qe8+ Kh6 37. Rxd1 Qxd1+ 38. Qe1 1-0

[Event "Barcelona Sant Marti op-A 4th"]
[Site "Barcelona"]
[Date "2015.03.05"]
[Round "8"]
[White "Fernandez Pintado, Xavier"]
[Black "Arnau Juli, Alfred"]
[Result "1-0"]
[WhiteElo "1719"]
[BlackElo "1700"]
[PlyCount "49"]
[EventDate "2015.01.15"]
[EventType "swiss"]
[EventRounds "9"]
[EventCountry "ESP"]
[SourceTitle "EXT 2016"]
[Source "ChessBase"]
[SourceDate "2015.10.08"]
[SourceVersion "1"]
[SourceVersionDate "2015.10.08"]
[SourceQuality "1"]

1. d4 d5 2. c4 dxc4 3. e4 Be6 4. d5 Bd7 5. Bxc4 Nf6 6. Nc3 g6 7. Nf3 Bg7 8. Qb3 0-0 9. e5 Ne8 10. e6 fxe6 11. dxe6 Bc6 12. Nd5 Qd6 13. 0-0 Na6 14. Rd1 Bxd5 15. Rxd5 Qxe6 16. Rd8 Qxc4 17. Qxc4+ Kh8 18. Rxa8 Nd6 19. Rxf8+ Bxf8 20. Qd4+ Bg7 21. Qxa7 Nc8 22. Qa8 Kg8 23. Qxc8+ Kf7 24. Ng5+ Kf6 25. Qe6# 1-0

[Event "Barcelona Sant Marti op-A 4th"]
[Site "Barcelona"]
[Date "2015.01.15"]
[Round "1"]
[White "Arnau Juli, Alfred"]
[Black "Severri Arrese, Carlos"]
[Result "0-1"]
[WhiteElo "1700"]
[BlackElo "1990"]
[PlyCount "72"]
[EventDate "2015.01.15"]
[EventType "swiss"]
[EventRounds "9"]
[EventCountry "ESP"]
[SourceTitle "EXT 2016"]
[Source "ChessBase"]
[SourceDate "2015.10.08"]
[SourceVersion "1"]
[SourceVersionDate "2015.10.08"]
[SourceQuality "1"]

1. e4 d6 2. Nf3 Nf6 3. Bc4 Nxe4 4. d3 Nf6 5. Nc3 d5 6. Bb3 e6 7. 0-0 Bd6 8. g3 0-0 9. Nh4 c6 10. Be3 e5 11. Re1 d4 12. Qf3 dxc3 13. bxc3 Bg4 14. Qg2 Nbd7 15. f3 Be6 16. Bxe6 fxe6 17. g4 Nd5 18. g5 Nxe3 19. Rxe3 Bc5 20. d4 exd4 21. Rd3 Ne5 22. Rd2 Rf4 23. c4 Rxh4 24. Kh1 Ng6 25. Rf1 Qd6 26. h3 Nf4 27. Qg3 Rxh3+ 28. Qxh3 Nxh3 29. Rg2 Qf4 30. g6 hxg6 31. Rxg6 Qh4 32. Kg2 Nf4+ 33. Kg1 d3+ 34. Rf2 dxc2 35. Rxe6 c1Q+ 36. Re1 Qxe1# 0-1